EURO 2024 SQUADS (part 4) - Statistics

General Stats
  • This quiz has been taken 39 times
  • The average score is 62 of 156
Answer Stats
nat club num pos age € mln Answer % Correct
Flag of Ukraine Chelsea FC 10 FW (23) 35,00 Mykhaylo Mudryk
100%
Flag of Ukraine FC Arsenal 17 DF (27) 38,00 Oleksandr Zinchenko
96%
Flag of Ukraine Real Madryt 23 GK (25) 25,00 Andriy Lunin
93%
Flag of Slovakia Newcastle United 1 GK (35) 1,00 Martin Dúbravka
93%
Flag of Slovakia FC Paris Saint-Germain 14 DF (29) 30,00 Milan Škriniar
93%
Flag of Turkey Real Madryt 8 FW (19) 30,00 Arda Güler
89%
Flag of Georgia SSC Napoli 7 FW (23) 80,00 Khvicha Kvaratskhelia
89%
Flag of Ukraine Girona FC 11 FW (27) 35,00 Artem Dovbyk
85%
Flag of Romania Gaziantep FK 19 FW (25) 4,00 Denis Drăguș
85%
Flag of the Czech Republic Bayer 04 Leverkusen 10 FW (28) 22,00 Patrik Schick
85%
Flag of Romania Tottenham Hotspur 3 DF (22) 25,00 Radu Drăgușin
85%
Flag of Georgia Valencia CF 25 GK (23) 35,00 Giorgi Mamardashvili
81%
Flag of the Czech Republic West Ham United 22 MD (29) 30,00 Tomáš Souček
81%
Flag of Ukraine FC Everton 16 DF (25) 28,00 Vitaliy Mykolenko
81%
Flag of Ukraine AFC Bournemouth 13 DF (21) 32,00 Ilya Zabarnyi
78%
Flag of Slovakia SSC Napoli 22 MD (29) 28,00 Stanislav Lobotka
78%
Flag of the Czech Republic Bayer 04 Leverkusen 9 FW (21) 12,00 Adam Hložek
74%
Flag of Turkey Galatasaray 21 FW (24) 17,00 Barış Alper Yılmaz
74%
Flag of Turkey Stade Rennais FC 10 MD (30) 45,00 Hakan Çalhanoğlu
74%
Flag of Turkey Juventus Turyn 19 FW (19) 30,00 Kenan Yıldız
74%
Flag of Romania Pisa Sporting Club 6 MD (25) 1,60 Marius Marin
74%
Flag of Romania Ilustracja 18 MD (28) 2,70 Răzvan Marin
74%
Flag of Ukraine Girona FC 15 FW (26) 30,00 Viktor Tsygankov
74%
Flag of Turkey Manchester United 12 GK (26) 10,00 Altay Bayındır
70%
Flag of Ukraine Valencia CF 9 FW (28) 3,50 Roman Yaremchuk
70%
Flag of the Czech Republic West Ham United 5 DF (31) 8,00 Vladimír Coufal
70%
Flag of Ukraine Benfika Lizbona 12 GK (22) 25,00 Anatoliy Trubin
67%
Flag of Georgia FC Metz 22 FW (23) 15,00 Georges Mikautadze
67%
Flag of Romania Damac FC 21 MD (31) 4,50 Nicolae Stanciu
67%
Flag of Turkey Benfika Lizbona 6 MD (23) 27,00 Orkun Kökçü
67%
Flag of Turkey Borussia Dortmund 15 MD (26) 10,00 Salih Özcan
67%
Flag of Romania Parma Calcio 1913 20 FW (25) 9,00 Dennis Man
63%
Flag of Romania Deportivo Alavés 10 MD (25) 2,00 Ianis Hagi
63%
Flag of Turkey AS Roma 2 DF (27) 6,00 Zeki Çelik
63%
Flag of Ukraine Dynamo Kijów 7 FW (34) 2,00 Andriy Yarmolenko
59%
Flag of Slovakia Feyenoord Rotterdam 16 DF (26) 35,00 Dávid Hancko
59%
Flag of Romania Rayo Vallecano 2 DF (26) 1,40 Andrei Rațiu
56%
Flag of Turkey Fenerbahce 20 DF (24) 21,00 Ferdi Kadıoğlu
56%
Flag of Turkey Galatasaray 7 FW (25) 15,00 Kerem Aktürkoğlu
56%
Flag of the Czech Republic Bayer 04 Leverkusen 16 GK (24) 7,00 Matěj Kovář
56%
Flag of Turkey Al-Ahli SFC 3 DF (26) 16,00 Merih Demiral
56%
Flag of Ukraine Genoa CFC 8 MD (31) 8,00 Ruslan Malinovskyi
56%
Flag of Ukraine Szachtar Donieck 6 MD (34) 2,50 Taras Stepanenko
56%
Flag of Ukraine Szachtar Donieck 14 MD (21) 35,00 Georgiy Sudakov
52%
Flag of Turkey Fenerbahce 18 DF (25) 4,20 Mert Müldür
52%
Flag of Slovakia FC Kopenhaga 3 DF (28) 4,00 Denis Vavro
48%
Flag of Slovakia SK Slavia Praga 26 FW (30) 2,00 Ivan Schranz
48%
Flag of Slovakia AC Sparta Praga 17 FW (28) 5,50 Lukáš Haraslín
48%
Flag of Slovakia Hellas Verona 8 MD (29) 4,00 Ondrej Duda
48%
Flag of Slovakia FC Fulham 12 GK (27) 3,00 Marek Rodák
44%
Flag of Turkey Besiktas JK 1 GK (35) 1,20 Mert Günok
44%
Flag of Ukraine Dynamo Kijów 19 MD (25) 9,00 Mykola Shaparenko
44%
Flag of Slovakia Hertha BSC 2 DF (37) 0,30 Peter Pekarík
44%
Flag of Turkey LOSC Lille 11 MD (27) 10,00 Yusuf Yazıcı
44%
Flag of Georgia FC Girondins Bordeaux 9 FW (23) 3,00 Zuriko Davitashvili
44%
Flag of the Czech Republic AC Fiorentina 7 MD (29) 4,50 Antonín Barák
41%
Flag of Ukraine Dynamo Kijów 1 GK (30) 7,00 Georgiy Bushchan
41%
Flag of Slovakia Slovan Bratislava 19 MD (37) 0,50 Juraj Kucka
41%
Flag of Slovakia Hellas Verona 7 FW (22) 7,00 Tomáš Suslov
41%
Flag of the Czech Republic VfL Wolfsburg 17 FW (26) 7,00 Václav Černý
41%
Flag of Turkey Galatasaray 14 DF (29) 9,00 Abdülkerim Bardakcı
37%
Flag of Turkey Besiktas JK 9 FW (33) 2,00 Cenk Tosun
37%
Flag of Romania Gaziantep FK 1 GK (37) 0,22 Florin Niță
37%
Flag of Ukraine Szachtar Donieck 22 DF (28) 18,00 Mykola Matvienko
37%
Flag of Ukraine Szachtar Donieck 2 DF (24) 6,00 Yukhym Konoplya
37%
Flag of Turkey Leicester City 25 FW (24) 5,00 Yunus Akgün
37%
Flag of Turkey Ajax Amsterdam 13 DF (21) 10,00 Ahmetcan Kaplan
33%
Flag of Turkey Stade Rennais FC 26 FW (22) 3,50 Bertuğ Yıldırım
33%
Flag of Romania Raków Częstochowa 24 DF (24) 1,80 Bogdan Racovițan
33%
Flag of Romania FCSB 17 FW (26) 7,00 Florinel Coman
33%
Flag of Romania SSC Bari 9 FW (28) 1,50 George Pușcaș
33%
Flag of Georgia Dinamo Batumi 21 FW (23) 0,80 Georgiy Tsitaishvili
33%
Flag of Georgia FC Watford 10 MD (24) 2,50 Giorgi Chakvetadze
33%
Flag of Georgia Levante UD 6 MD (25) 1,00 Giorgi Kochorashvili
33%
Flag of Romania FC Rapid 1923 12 GK (26) 2,50 Horațiu Moldovan
33%
Flag of Turkey Fenerbahce 17 FW (28) 10,00 İrfan Can Kahveci
33%
Flag of Turkey Galatasaray 22 MD (29) 4,70 Kaan Ayhan
33%
Flag of Georgia Cracovia 2 MD (29) 0,60 Otar Kakabadze
33%
Flag of Turkey Panathinaikos FC 4 DF (30) 2,50 Samet Akaydin
33%
Flag of Turkey Trabzonspor 23 GK (28) 8,00 Uğurcan Çakır
33%
Flag of Romania FCSB 14 MD (26) 7,00 Darius Olaru
30%
Flag of the Czech Republic TSG 1899 Hoffenheim 15 DF (23) 8,00 David Jurásek
30%
Flag of Georgia Slovan Bratislava 4 DF (37) 0,25 Guram Kashia
30%
Flag of the Czech Republic AC Sparta Praga 18 DF (25) 10,00 Ladislav Krejčí
30%
Flag of Slovakia Hamburger SV 11 MD (26) 5,00 László Bénes
30%
Flag of Slovakia Feyenoord Rotterdam 24 FW (18) 5,00 Leo Sauer
30%
Flag of the Czech Republic SK Slavia Praga 26 MD (20) 8,00 Matěj Jurásek
30%
Flag of Ukraine Szachtar Donieck 20 FW (27) 7,00 Oleksandr Zubkov
30%
Flag of the Czech Republic FC Viktoria Pilzno 4 DF (24) 5,00 Robin Hranáč
30%
Flag of Romania FCSB 16 GK (24) 3,00 Ștefan Târnovanu
30%
Flag of Ukraine Szachtar Donieck 21 DF (25) 5,00 Valeriy Bondar
30%
Flag of Ukraine Dynamo Kijów 25 FW (22) 10,00 Vladyslav Vanat
30%
Flag of Romania Pafos FC 4 DF (28) 0,70 Adrian Rus
26%
Flag of Romania FCSB 26 MD (25) 2,70 Adrian Șut
26%
Flag of Romania Al-Okhdood Club 15 DF (31) 3,00 Andrei Burcă
26%
Flag of Slovakia Slovan Bratislava 18 FW (23) 2,80 David Strelec
26%
Flag of the Czech Republic SK Slavia Praga 2 DF (23) 4,00 David Zima
26%
Flag of Romania Gaziantep FK 23 MD (26) 1,00 Deian Sorescu
26%
Flag of Romania Universitatea Craiova 11 DF (31) 1,50 Nicușor Bancu
26%
Flag of Georgia Lech Poznań 16 MD (32) 0,50 Nika Kvekveskiri
26%
Flag of Slovakia US Salernitana 1919 6 DF (32) 1,30 Norbert Gyömbér
26%
Flag of Turkey West Bromwich Albion 5 MD (30) 3,00 Okay Yokuşlu
26%
Flag of Ukraine Dynamo Kijów 24 DF (27) 4,00 Oleksandr Tymchyk
26%
Flag of Georgia SK Sturm Graz 17 MD (28) 5,00 Otar Kiteishvili
26%
Flag of Romania Parma Calcio 1913 13 FW (24) 2,80 Valentin Mihăilă
26%
Flag of Romania CFR Cluj 22 DF (31) 0,90 Vasile Mogoș
26%
Flag of Ukraine Dynamo Kijów 18 MD (22) 5,00 Volodymyr Brazhko
26%
Flag of Slovakia Cagliari Calcio 4 DF (21) 3,50 Adam Obert
22%
Flag of Georgia Universitatea Craiova 20 MD (23) 1,20 Anzor Mekvabishvili
22%
Flag of Romania CFR Cluj 25 FW (24) 1,60 Daniel Bîrligea
22%
Flag of Romania Al-Markhiya SC 7 FW (33) 0,70 Denis Alibec
22%
Flag of Georgia FC Basel 1893 26 MD (19) 2,50 Gabriel Sigua
22%
Flag of Georgia Dinamo Tbilisi 1 GK (38) 0,05 Giorgi Loria
22%
Flag of Turkey Fenerbahce 16 MD (25) 12,00 İsmail Yüksek
22%
Flag of the Czech Republic SK Slavia Praga 1 GK (28) 3,50 Jindřich Staněk
22%
Flag of Georgia APOEL Nikosia 3 DF (29) 0,90 Lasha Dvali
22%
Flag of Georgia US Cremonese 14 DF (26) 1,10 Luka Lochoshvili
22%
Flag of the Czech Republic SK Slavia Praga 14 MD (27) 3,00 Lukáš Provod
22%
Flag of Slovakia VfL Bochum 21 MD (28) 3,50 Matúš Bero
22%
Flag of Ukraine SK Dnipro-1 3 DF (29) 2,00 Oleksandr Svatok
22%
Flag of Slovakia KRC Genk 13 MD (32) 3,50 Patrik Hrošovský
22%
Flag of Slovakia Boavista FC 9 FW (24) 5,00 Róbert Boženík
22%
Flag of Turkey Besiktas JK 24 FW (18) 12,00 Semih Kılıçsoy
22%
Flag of Ukraine KVC Westerlo 5 MD (33) 2,00 Sergiy Sydorchuk
22%
Flag of the Czech Republic FC Viktoria Pilzno 19 FW (29) 3,20 Tomáš Chorý
22%
Flag of Slovakia Hatta Club 15 DF (31) 0,50 Vernon De Marco
22%
Flag of Romania Konyaspor 8 MD (27) 3,00 Alexandru Cicâldău
19%
Flag of Georgia Karlsruher SC 8 FW (30) 0,90 Budu Zivzivadze
19%
Flag of Georgia Szachtar Donieck 13 DF (23) 2,50 Giorgi Gocholeishvili
19%
Flag of Slovakia New England Revolution 23 GK (26) 1,20 Henrich Ravas
19%
Flag of Romania Palermo FC 5 DF (28) 1,00 Ionuț Nedelcearu
19%
Flag of Georgia Panetolikos GFS 19 FW (28) 0,75 Levan Shengelia
19%
Flag of Slovakia FC Slovan Liberec 10 FW (26) 0,80 Ľubomír Tupta
19%
Flag of Ukraine LASK 4 DF (24) 2,50 Maksym Taloverov
19%
Flag of the Czech Republic SK Slavia Praga 13 FW (25) 6,50 Mojmír Chytil
19%
Flag of the Czech Republic Feyenoord Rotterdam 20 MD (25) 3,50 Ondřej Lingr
19%
Flag of the Czech Republic FC Viktoria Pilzno 25 MD (23) 6,00 Pavel Šulc
19%
Flag of Slovakia Spartak Trnava 25 DF (20) 1,20 Sebastián Kóša
19%
Flag of Georgia Al-Okhdood Club 5 DF (32) 0,70 Solomon Kvirkvelia
19%
Flag of the Czech Republic SK Slavia Praga 3 DF (31) 2,20 Tomáš Holeš
19%
Flag of the Czech Republic SK Sturm Graz 23 GK (22) 5,00 Vítězslav Jaroš
19%
Flag of Ukraine Polissia Żytomierz 26 DF (27) 2,50 Bogdan Mykhaylichenko
15%
Flag of Slovakia MSK Zilina 20 FW (25) 0,60 Dávid Ďuriš
15%
Flag of Georgia Persepolis FC 15 DF (33) 0,40 Giorgi Gvelesiani
15%
Flag of Georgia APOEL Nikosia 11 FW (30) 1,60 Giorgi Kvilitaia
15%
Flag of Georgia Qarabağ FK 12 GK (25) 0,50 Luka Gugeshashvili
15%
Flag of the Czech Republic FC Viktoria Pilzno 21 MD (23) 1,50 Lukáš Červ
15%
Flag of Georgia Atlanta United FC 23 FW (29) 3,00 Saba Lobjanidze
15%
Flag of Georgia Wolfsberger AC 18 MD (27) 0,80 Sandro Altunashvili
15%
Flag of Slovakia FC Banik Ostrava 5 MD (22) 2,20 Tomáš Rigo
15%
Flag of the Czech Republic SK Slavia Praga 24 DF (23) 6,00 Tomáš Vlček
15%
Flag of the Czech Republic SK Slavia Praga 12 MD (26) 3,00 David Douděra
11%
Flag of the Czech Republic AC Sparta Praga 11 FW (27) 5,00 Jan Kuchta
11%
Flag of the Czech Republic SK Slavia Praga 8 MD (30) 2,00 Petr Ševčík
11%
Flag of Georgia Panetolikos GFS 24 DF (28) 0,50 Jemal Tabidze
7%
Flag of the Czech Republic AC Sparta Praga 6 DF (21) 12,00 Martin Vitík
7%
No matching quizzes found
Score Distribution
Percent of People with Each Score
Percentile by Number Answered
Your Score History
You have not taken this quiz